Національно-церковний рух на Волині (Запис № 463941)

МАРК-запис
000 -Лідер
fixed length control field 00623naa a2200205 4500
001 - Контрольний номер
control field 216219759
003 - Ідентифікатор контрольного номера
control field UA-OsUOA
005 - Дата та час останнього входження (трансакції)
control field 20201130154821.0
008 - Елементи даних фіксованої довжини – загальна інформація
fixed length control field 201130b un ||||| |||| 00| 0 ukr d
040 ## - Джерело каталогізації
Агенція оригінальної каталогізації UA-OsUOA
Мова каталогізації ukr
Агенція, яка здійснювала перезапис UA-OsUOA
Агенція, яка здійснювала модифікацію UA-OsUOA
041 ## - Код мови
Код мови тексту/ звукової доріжки чи окремого заголовка (П) ukr
080 ## - Індекс Універсальної десяткової класифікації
Індекс Універсальної десяткової класифікації (УДК) (НП) 908
090 ## - Локальний шифр розміщення
Класифікаційний індекс УДК 908
100 ## - Основне введення – ім’я особи
Ім’я особи (НП) Альошина О.
245 ## - Відомості про назву
Назва (НП) Національно-церковний рух на Волині
Дані про відповідальність (НП) Оксана Альошина
300 ## - Фізичний опис
Обсяг С. 3–12
650 ## - Додаткове предметне введення – тематичний термін
Джерело заголовка чи терміна UDC
773 0# - Введення хост-одиниці (П)
Бібліонома 349426
Host Itemnumber 376619
Місце, видавець та дата видання (НП) Острог 2009
Інший ідентифікатор одиниці опису 123383
Назва (НП) Наукові записки
Контрольний номер запису (П) (UA-OsUOA) 63342
942 ## - Додаткові елементи входу (Коха)
Source of classification or shelving scheme Universal Decimal Classification
Тип елемента Koha Складова частина документа

Немає доступних примірників.